000
00309nam a2200145Ia 4500
100
_a
Govindarajulu/B
942
_c
BK
654
_a
IBM PC
245
_a
IBM PC and clones
260
_b
Tata Mc Graw hill
_a
New Delhi
_c
1995
082
_a
621.381953
_b
GOV
300
_a
721
546
_a
ENGLISH
999
_c
33517
_d
33517